书目信息 |
| 题名: |
ANSYS 8.0 工程结构实例分析
|
|
| 作者: | 赵海峰 , 蒋迪 编著 | |
| 分册: | ||
| 出版信息: | 北京 中国铁道出版社 2004.10 |
|
| 页数: | 277页 | |
| 开本: | 26cm | |
| 丛书名: | 计算机工程应用系列丛书 | |
| 单 册: | ||
| 中图分类: | TB115 | |
| 科图分类: | ||
| 主题词: | 工程结构--有限元分析--应用程序 | |
| 电子资源: | ||
| ISBN: | 7-113-06200-8 | |
| 000 | 01130nam 2200265 450 | |
| 001 | 0147689317 | |
| 005 | 20071016112052.50 | |
| 010 | @a7-113-06200-8@dCNY29.00 | |
| 100 | @a20050206d2004 km y0chiy0120 ea | |
| 101 | 0 | @achi |
| 102 | @aCN@b110000 | |
| 105 | @aa a 000yy | |
| 200 | 1 | @aANSYS 8.0 工程结构实例分析@AANSYS 8.0 gong cheng jie gou shi li fen xi@f赵海峰, 蒋迪编著@Fzhao hai feng,jiang di bian zhu |
| 210 | @a北京@c中国铁道出版社@d2004.10 | |
| 215 | @a277页@c图@d26cm | |
| 225 | 2 | @a计算机工程应用系列丛书 |
| 320 | @a有书目。 | |
| 330 | @a本书主要介绍用ANSYS解决实际工程结构问题。全书包括有限元方法与ANSYS结构分析、ANSYS建模技术、结构线性静力分析、ANSYS结构非线性分析、ANSYS结构动力学分析、ANSYS结构分析高级技术专题、ANSYS流体力学分析、ANSYS热力学分析等内容。书中的所有实例都在ANSYS/Multiphysics8.0中完成。 | |
| 410 | 0 | @12001 @a计算机工程应用系列丛书 |
| 606 | 0 | @a工程结构@x有限元分析@x应用程序 |
| 690 | @aTB115@v4 | |
| 701 | 0 | @a赵海峰@Azhao hai feng@4编著 |
| 701 | 0 | @a蒋迪@Ajiang di@4编著 |
| 801 | 0 | @aCN@c20071016 |
| 905 | @dTB115@eZ301 | |
| ANSYS 8.0 工程结构实例分析/赵海峰, 蒋迪编著.-北京:中国铁道出版社,2004.10 |
| 277页:图;26cm.-(计算机工程应用系列丛书) |
| ISBN 7-113-06200-8:CNY29.00 |
| 本书主要介绍用ANSYS解决实际工程结构问题。全书包括有限元方法与ANSYS结构分析、ANSYS建模技术、结构线性静力分析、ANSYS结构非线性分析、ANSYS结构动力学分析、ANSYS结构分析高级技术专题、ANSYS流体力学分析、ANSYS热力学分析等内容。书中的所有实例都在ANSYS/Multiphysics8.0中完成。 |
| ● |
| 相关链接 |
|
|
|
正题名:ANSYS 8.0 工程结构实例分析
索取号:TB115/Z301
 
预约/预借
| 序号 | 登录号 | 条形码 | 馆藏地/架位号 | 状态 | 备注 |
| 1 | 561354 | 205613549 | 自科库501/501自科库 2排2列2层/ [索取号:TB115/Z301] | 在馆 | |
| 2 | 561355 | 205613558 | 期刊室512/501自科库 2排2列2层/ [索取号:TB115/Z301] | 在馆 | |
| 3 | 561356 | 205613567 | 自科库501/501自科库 2排2列2层/ [索取号:TB115/Z301] | 在馆 | |
| 4 | 652379 | 206523797 | 期刊室512/501自科库 2排2列2层/ [索取号:TB115/Z301] | 在馆 | |
| 5 | 652380 | 206523804 | 自科库501/401自科库 80排2列3层/ [索取号:TB115/Z301] | 在馆 | |
| 6 | 652381 | 206523813 | 自科库501/401自科库 80排2列3层/ [索取号:TB115/Z301] | 在馆 |